| 000 | 00980nam a2200289 4500 | ||
|---|---|---|---|
| 003 | EG-GICUC | ||
| 005 | 20260226000426.0 | ||
| 008 | 260225b1982 ua|||||f |||| 00| 0 ara d | ||
| 017 | _a1982/4205 | ||
| 040 |
_a EG-GICUC _bara _c EG-GICUC _d EG-GICUC _erda |
||
| 043 | _af-ua--- | ||
| 082 | 0 | 4 |
_221 _a343.37222 |
| 092 | 0 | 4 | _221 |
| 099 | _aLaw1 10 343.37222 موج 1982 | ||
| 243 | _aالمطبوعات القانونية | ||
| 245 | _aمجموعة الإجراءات القانونية الجنائية والطوارئ | ||
| 264 |
_aالقاهرة: _bبنك القوانين; _c1982. |
||
| 300 |
_a126; صفحة _c24 سم |
||
| 336 |
_2rda content _atext |
||
| 337 |
_2rda media _aComputer |
||
| 338 |
_2rda carrier _aOnline Resource |
||
| 650 | 1 | 4 |
_2qrmak _aالقضاء الجنائي الاستثنائي في حالة الطوارئ |
| 651 | 1 | _2qrmak | |
| 856 | 4 | 0 | _uhttps://fll.law.cu.edu.eg/fulltext/bks/B10-08827.pdf |
| 905 | _a17 | ||
| 942 |
_2ddc _n0 _cBK _e21 |
||
| 999 |
_c64245 _d64245 |
||